[Event "St Petersburg op"]
[Site "St Petersburg"]
[Date "1995.??.??"]
[Round "5"]
[White "Rublevsky, Sergei"]
[Black "Notkin, Maksim"]
[Result "1/2-1/2"]
[WhiteElo "2585"]
[BlackElo "2485"]
[Annotator "Notkin,M"]
[PlyCount "108"]
[EventDate "1995.05.??"]
[EventType "swiss"]
[EventRounds "9"]
[EventCountry "RUS"]
[SourceTitle "CBM 046 Extra"]
[Source "ChessBase"]
[SourceDate "1995.07.01"]
[SourceVersion "1"]
[SourceVersionDate "1995.07.01"]
[SourceQuality "1"]

1. e4 e5 2. Nf3 Nc6 3. d4 exd4 4. Nxd4 Nf6 5. Nxc6 bxc6 6. e5 Qe7 7. Qe2 Nd5 8.
Nd2 a5 (8... Nf4 9. Qe3 Ng6 10. Nf3 d6 11. exd6 cxd6 12. Be2 d5 13. h4 f6 $10 {
Svidler,P-Kosashvili,Y/Haifa/1995/1:0/48/}) (8... g6 $1 9. c4 Ba6 10. Qe4 f5 (
10... Nb6 11. Bd3 Bg7 12. O-O O-O 13. f4 f6 14. Nf3 Rae8 15. Re1 Qf7 $15 {
Beliavsky,A-Nikolic,P/Munchen/1994/1:0/51;13...d6! Beliavsky/}) 11. Qd4 $2 (11.
exf6 Nxf6 12. Qxe7+ Bxe7 $15) 11... Nb4 12. Qc3 c5 13. Be2 Bg7 $17 {Hansen,
L-Almasi,Z/Tilburg/1994/0:1/31/}) 9. g3 Ba6 (9... Nb4 10. Nf3 Ba6 11. Qd1 $1
$16) 10. Qe4 (10. c4 Nb4 11. Nf3 d5 12. a3 Bxc4 13. Qd2 Bxf1 14. Kxf1 Na6 15.
Qxa5 Qd7 $13) 10... Bxf1 11. Kxf1 Qe6 12. Kg2 Qg6 13. Rd1 Be7 14. c4 (14. a4
O-O 15. c4 Nb4) 14... Nb6 15. b3 a4 16. Bb2 O-O 17. Qxg6 hxg6 18. Ne4 Rfb8 19.
Bc3 $1 (19. Bd4 Nc8 $15) 19... Kf8 20. h4 $1 {/\Rh1,h5/} Rd8 21. Bd4 (21. Rh1
axb3 22. axb3 Rxa1 23. Bxa1 d5 24. exd6 cxd6 25. h5 gxh5 26. Rxh5 Kg8 $10)
21... Nc8 22. Nc3 axb3 23. axb3 Rb8 $1 24. Rab1 d6 (24... d5 $6 25. cxd5 cxd5
26. Na4 $1 $8) 25. exd6 cxd6 26. Rh1 f6 27. Ne2 Kf7 28. Nf4 Nb6 29. Rhe1 Bf8
30. Ra1 Rd7 31. Ra6 Rdb7 (31... c5 32. Bc3 d5 $2 (32... Nc8 $132) 33. Ba5 $1)
32. Bxb6 Rxb6 33. Rxb6 Rxb6 $10 34. Re3 Rb7 35. Kf3 Be7 36. Ke2 f5 37. Rd3 Rb8
38. Ng2 (38. Kd2 Ra8) 38... Ke6 39. Nf4+ Kf7 40. Ng2 Ke6 41. Ne1 Bf6 (41... g5
$2 42. Nf3 $1 gxh4 43. Nd4+ $1 $16) 42. Nc2 Ra8 43. b4 Ra2 44. Kd2 f4 45. Rf3
fxg3 46. fxg3 d5 47. cxd5+ Kxd5 48. Kd3 Rb2 49. Ne3+ Ke6 50. Rf4 Rb3+ 51. Ke2
Be7 52. Rc4 Kd7 53. Rd4+ Ke6 54. Rc4 Kd7 1/2-1/2

[Event "Moscow Tal Memorial 10th"]
[Site "Moscow"]
[Date "2016.09.26"]
[Round "1"]
[White "Nepomniachtchi, Ian"]
[Black "Tomashevsky, Evgeny"]
[Result "1-0"]
[WhiteElo "2740"]
[BlackElo "2731"]
[Annotator "Pavlovic,M"]
[PlyCount "45"]
[EventDate "2016.09.26"]
[EventType "tourn"]
[EventRounds "9"]
[EventCountry "RUS"]
[EventCategory "21"]
[SourceTitle "CBM 175"]
[Source "ChessBase"]
[SourceDate "2016.11.10"]
[SourceVersion "1"]
[SourceVersionDate "2016.11.10"]
[SourceQuality "1"]

1. e4 e5 2. Nf3 Nc6 3. d4 exd4 4. Nxd4 Nf6 5. Nxc6 bxc6 6. e5 Qe7 7. Qe2 Nd5 8.
c4 Ba6 9. b3 {One of the sharpest positions that can be reached after initial
1.e4 e5. The Scotch is a kind of Sicilian type of chess aimed to sharpen a
position as soon as possible, and not suprisingly, players with such
tendencies often use it. Of course credit for that belongs to Kasparov.} g6 10.
f4 Bg7 {Not the only move here, I will briefly mention some:} (10... d6 11. Qf2
Nf6 12. Ba3 Qe6 13. Be2 dxe5 14. fxe5 Bxa3 15. Nxa3 Nd7 16. O-O Nxe5 17. Nc2
Qe7 18. Rad1 O-O {½-½ (28) Pierron,P-Dailido,S corr. 2015, Black is doing ok
here.}) (10... f6 11. exf6 Qxe2+ 12. Bxe2 Bb4+ 13. Bd2 Bxd2+ 14. Nxd2 Nxf4 15.
Rf1 {Also a known theoretical position, Kasparov played it from the black side.
}) 11. Qf2 Nf6 {Another idea is possible, but doesn't look inspiring though:} (
11... Nb6 12. c5 Bxf1 13. cxb6 Ba6 14. Ba3 d6 15. bxc7 c5 16. Nc3 Qxc7 17.
O-O-O Qa5 18. Na4 $5 Bb5 19. Qe1 Qxe1 20. Rhxe1 dxe5 21. Nc3 Bc6 22. Bxc5 {
It seems that White again has the better chances.}) 12. Ba3 d6 {The
alternative is possible, but so far I don't see how it solves the problems:} (
12... Ng4 13. Qd2 (13. Qe2 Qe6 14. Nd2 d6 15. Ne4 O-O 16. O-O-O Rfe8 17. g3
Nxe5 $1 $17 {1/2-1/2 (46) Luukkonen,T (2185)-Solozhenkin,E (2489) Finland 2007}
) 13... d6 14. Nc3 Qe6 (14... O-O-O 15. O-O-O Qe6 16. exd6 cxd6 17. h3 {
It seems that White has better chances here}) 15. h3 Nxe5 16. O-O-O Bh6 17. g4
O-O 18. g5 Nf3 19. Qf2 Nxg5 20. fxg5 Bxg5+ 21. Kb1 Bf6 22. Bb2 {1-0 (22) Szodi,
S-Herzog,K corr. 2013}) 13. Nc3 O-O $2 {I somehow don't like Black's position
here. An alternative was definitely necessary. but overall it looks to me that
White has the initative.} (13... Qe6 14. O-O-O dxe5 15. g3 $5 Ng4 16. Qd2 Bf6
17. Bg2 Rd8 18. Qe2 Rxd1+ 19. Rxd1 Bb7 20. Ne4 Be7 21. Bxe7 Kxe7 22. Nc5 {
White is winning.}) 14. O-O-O Ne8 15. g3 {White is clearly better now.} Bb7 16.
Bg2 f6 (16... Qe6 17. h4 $1 {with a tremendous initiative.}) 17. exd6 Nxd6 $2 {
Losing at once.} (17... cxd6 18. Rhe1 Qc7 19. f5 $1 {White's advantage is
undisputed.}) 18. c5 $1 Nf5 19. Rhe1 Qf7 20. Bf1 $1 {Black is simply losing
his queen.} Rfd8 21. Rxd8+ Rxd8 22. Bc4 Rd5 23. Qe2 $1 {A nice and quick win
for Nepo.} 1-0

[Event "Danzhou 7th"]
[Site "Danzhou"]
[Date "2016.07.10"]
[Round "3"]
[White "Nepomniachtchi, Ian"]
[Black "Wang, Yue"]
[Result "1-0"]
[WhiteElo "2725"]
[BlackElo "2730"]
[Annotator "Pavlovic,M"]
[PlyCount "169"]
[EventDate "2016.07.08"]
[EventType "tourn"]
[EventRounds "9"]
[EventCountry "CHN"]
[EventCategory "20"]
[SourceTitle "CBM 174"]
[Source "ChessBase"]
[SourceDate "2016.09.13"]
[SourceVersion "1"]
[SourceVersionDate "2016.09.13"]
[SourceQuality "1"]

1. e4 e5 2. Nf3 Nc6 3. d4 exd4 4. Nxd4 {The Scotch is an amazingly popular
opening, there are lots of ideas that had been developed including many that
consider 0-0-0 for White. That makes this opening rather interesting lately.}
Bc5 5. Nxc6 Qf6 6. Qf3 dxc6 7. Nc3 Be6 8. a3 {This little move had been played
already last year, the idea is to go Be3, which if played at once Black allows
...Bb4, which was played many times in the past.} (8. Be3 Bb4 9. Bd2 O-O-O 10.
Bd3 Qe7 11. O-O Nf6 12. a3 Bd6 13. h3 Nd7 14. Qe2 g5 {It looks like sharp play
where Black can easily get the initiative.}) 8... O-O-O 9. Be3 Qe5 $5 {We can
say that this is a possible improvement.} (9... Bxe3 10. Qxe3 Kb8 11. f4 Qe7
12. Bd3 g5 $1 13. fxg5 h6 14. gxh6 Nxh6 15. O-O-O Ng4 16. Qg3 $5 (16. Qf4 Qd6
$1 {1/2-1/2 (24) Nepomniachtchi,I (2705)-Carlsen,M (2850) Berlin (rapid) 2015})
16... Qg5+ 17. Kb1 Qe3 18. Qxe3 Nxe3 19. Rd2 Rdg8 $11) 10. Bd3 Nf6 {An
alternative was also possible:} (10... g5 11. h4 g4 12. Qf4 Qxf4 13. Bxf4 Bd4
14. Rb1 Ne7 15. h5 {with a complicated endgame ahead of us.}) 11. h3 Nd7 12.
Bf4 Qf6 13. Qg3 Bd4 14. O-O Be5 {Probably best.} (14... Ne5 15. Ne2 Nxd3 16.
cxd3 Qg6 17. Qf3 Bxb2 18. Rab1 Bd4 19. Nxd4 Rxd4 20. Qe3 Ra4 21. Qc5 {White
has an attack, having reached an opposite coloured bishops position helps here
on that matter.}) 15. Bxe5 Nxe5 16. Rad1 g5 17. Qe3 {A small finesse, first
driving the black king a bit further from the centre...} Kb8 18. f4 gxf4 19.
Qxf4 {And now entering an endgame, obviously the only possible idea for White
here.} Qg7 20. Qf6 Rhg8 21. Qxg7 Rxg7 22. Kh2 {The position is equal, but the
game is still playable for both sides. So from here who plays better the
endgame will win.} c5 $6 {I can't really say it is a mistake, but why to let
the knight come to the f6-square?} (22... Rdg8 23. Rf2 Rg5 24. Bf1 a5 {In my
opinion neither side can improve from here, therefore we can say that the
position is drawish.}) 23. Nd5 $1 c6 24. Nf4 {Now it is a bit easier for White.
} Kc7 25. Be2 Rd4 26. Nh5 Rg8 27. Nf6 Rh8 28. c3 Rd6 29. Kg3 $1 h6 30. Kf4 Ng6+
31. Ke3 a5 32. Nh5 Ne5 33. Nf4 Bb3 $6 {Another imprecise move, collection of
such moves bassically had driven Black to defeat in this game.} (33... Rxd1 34.
Rxd1 Bc4 $1 35. Rf1 Rd8 36. Rf2 a4 37. Nh5 Bxe2 38. Kxe2 b5 {Black has a
weakness on f7 so does White on b2, this is balanced play.}) 34. Rxd6 Kxd6 35.
Nd3 Nxd3 36. Bxd3 Be6 37. Rf4 Ke5 38. Rh4 Kf6 39. Be2 b6 40. Rf4+ Ke5 41. Bf3
c4 42. Rh4 Kf6 $6 {Another inaccuracy.} 43. e5+ $1 Kxe5 44. Bxc6 $14 {Finally
we can say that one side, in this case White, got small pressure in the game.}
f5 45. Bb5 Rg8 46. Bc6 Rg6 47. Bf3 b5 48. Rd4 Rg8 49. Rh4 Rg6 50. Rh5 Bd7 ({
Stepping back looks a bit ugly, but there is no clear way for White to improve,
after all the position is reduced a lot.} 50... Kd6 51. Kd4 Rf6 $14) 51. g4 $1
a4 52. gxf5 Rf6 53. Be4 {Now it is a pawn up.} Be8 54. Rh4 Bd7 55. Bc2 Bc6 56.
Rd4 Rf8 57. Be4 Rc8 58. Bxc6 Rxc6 59. Rd8 {The rook endgame is much better for
White due to his bigger rook activity.} Rb6 60. Rc8 Kxf5 61. Rc5+ Ke6 62. h4
Kd7 63. Kf4 Rf6+ 64. Kg4 Rg6+ 65. Kh5 Rb6 66. Rf5 Ke7 67. Kg4 Rg6+ 68. Kf4 Rb6
69. Re5+ Kd7 $2 (69... Kf7 $1 {The only way to defend, controling the white
king is essential here. The white advantage would have been kept on a minimum.}
) 70. Kf5 $1 $16 {Practically a zugzvang.} Rb8 71. Kg6 Kc6 72. Re2 Rg8+ 73.
Kxh6 {Winning position.} Kd6 74. h5 Rg3 75. Kh7 Rg5 76. h6 Kd7 77. Kh8 Rg6 78.
Kh7 Rg5 79. Re3 Rg2 80. Re5 b4 81. axb4 Rxb2 82. Kg6 Rg2+ 83. Rg5 Rh2 84. h7 a3
85. Ra5 1-0

[Event "EU-ch 17th"]
[Site "Gjakova"]
[Date "2016.05.17"]
[Round "6"]
[White "Hracek, Zbynek"]
[Black "Korchmar, Vasiliy"]
[Result "1-0"]
[WhiteElo "2598"]
[BlackElo "2437"]
[Annotator "Pavlovic,M"]
[PlyCount "51"]
[EventDate "2016.05.12"]
[EventType "swiss"]
[EventRounds "11"]
[EventCountry "KOS"]
[SourceTitle "CBM 173"]
[Source "ChessBase"]
[SourceDate "2016.07.12"]
[SourceVersion "1"]
[SourceVersionDate "2016.07.12"]
[SourceQuality "1"]

1. e4 e5 2. Nf3 Nc6 3. d4 exd4 4. Nxd4 {The Scotch Opening is like Sicilian
type of chess against 1...e5. That is how I always see this. It is very sharp
with possibilities to castle either way, lots of interesting tactics and
chances for both sides.} Nf6 5. Nxc6 bxc6 6. Qe2 {This has really recently
experienced a huge boost in popularity.} d6 {Another recent example is:} (6...
Bc5 7. e5 Nd5 8. Qg4 g6 9. c4 Nb6 10. Bg5 Be7 11. Bh6 Bf8 12. Qf4 Bxh6 13. Qxh6
Qe7 14. Nc3 $6 (14. Qg7 Rf8 15. Nd2 d6 16. O-O-O Qxe5 17. Qxe5+ dxe5 18. Re1
Nd7 19. f4 Bb7 20. fxe5 O-O-O $132) 14... Qxe5+ 15. Kd2 $2 (15. Be2 d6 16. O-O
Be6 17. Bf3 O-O-O {A sharp position indeed, probably ok for Black}) 15... Qd4+
16. Kc2 Qxf2+ 17. Be2 d6 18. Raf1 Bf5+ $19 {0-1 (35) Bauer,C (2634)-Bacrot,E 
(2702) Drancy 2016}) 7. Nc3 Be7 8. Be3 Be6 (8... O-O 9. O-O-O Be6 10. h3 Nd7
11. f4 Nb6 12. f5 (12. Kb1 Qb8 13. Bc1 Bf6 14. Qf3 Nc4 15. b3 Qb4 16. e5 Be7
17. Bxc4 Bxc4 18. Rd4 $18 {1-0 (26) Perunovic,M (2632)-Koksal,E (2339) Skopje
2015}) 12... Bc4 13. Qg4 Bxf1 14. e5 h5 (14... Ba6 15. Bh6 g6 16. f6 Bxf6 17.
exf6 Qxf6 18. Bxf8 Rxf8 19. Qd4 $14 {1/2-1/2 (54) Vallejo Pons,F (2706)
-Ponomariov,R (2743) Khanty-Mansiysk (rapid) 2013}) 15. Qxh5 Ba6 16. Ne4 Nd5
17. Bh6 $1 $40) 9. O-O-O Qb8 {This would be a kind of a new attempt but the
idea is perfecly logical.} 10. h3 a5 11. f4 Qb4 12. Rd4 Qb7 13. Kb1 O-O 14. Bc1
d5 ({Another way of playing it:} 14... Rfb8 $5 15. g4 (15. f5 {is highly
complicated:} c5 16. Rd1 Bd7 17. g4 Bc6 18. Bg2 Nd7 19. h4 Bf6 $17) 15... d5
16. f5 Bb4 17. Nd1 c5 18. fxe6 cxd4 19. exf7+ Kxf7 20. exd5 Kg8 {with a
complex position.}) 15. e5 c5 $6 {The alternative was much better and would
lead to complicated play:} (15... Bb4 16. Rd3 Bxc3 17. Rxc3 Ne4 18. Rb3 Qa7 19.
Qe3 $1 ({Now for instance the logical 19.g4 is actually bad:} 19. g4 d4 20. Ra3
Nc3+ $1 21. bxc3 Rfb8+ 22. Ka1 a4 $1 $19 {Black has a winning attack.}) 19...
a4 20. Qxa7 Rxa7 21. Re3 {with an interesting endgame ahead of us.}) 16. Rd1 {
White also has another good possibility:} (16. exf6 cxd4 17. fxe7 Rfe8 18. Nb5
Bd7 19. Nxd4 c5 20. Nb3 c4 21. Nd4 $16) 16... Ne4 17. Nxe4 dxe4 18. g4 c4 19.
Bg2 c3 20. Qxe4 $16 Qb6 21. f5 Ba3 22. fxe6 Bxb2 23. exf7+ Kh8 24. Be3 c5 25.
Rd6 Qb5 26. a4 1-0

[Event "Madrid"]
[Site "Madrid"]
[Date "1992.??.??"]
[Round "4"]
[White "Polgar, Judit"]
[Black "Granda Zuniga, Julio E"]
[Result "1-0"]
[WhiteElo "2550"]
[BlackElo "2615"]
[Annotator "Polgar,J"]
[PlyCount "81"]
[EventDate "1992.05.??"]
[EventType "tourn"]
[EventRounds "9"]
[EventCountry "ESP"]
[EventCategory "13"]
[SourceTitle "CBM 030"]
[Source "ChessBase"]
[SourceDate "1992.10.01"]
[SourceVersion "1"]
[SourceVersionDate "1992.10.01"]
[SourceQuality "1"]

1. e4 e5 2. Nf3 Nc6 3. d4 exd4 4. Nxd4 Bc5 5. Be3 Qf6 6. c3 Nge7 7. Bc4 O-O 8.
O-O Bb6 9. Bb3 {Dolmatov} (9. Nc2 d6 (9... Ne5 $145 10. Be2 (10. Bb3 d6) 10...
N5g6 11. Bxb6 axb6 12. Ne3 Nf4 $132 {Gutman,S.220}) 10. Bxb6 axb6 11. f4 $16 {
Kasparov,G-Short,N/Linares/1992/1-0/48/ CBM-VC}) 9... Na5 (9... d6 10. Kh1 Nxd4
(10... Qg6 11. Re1 Bd7 12. Nd2 $14) 11. cxd4 Nc6 12. Nc3 $1 Bxd4 13. Nd5 Qe5
14. Bxd4 Qxd4 15. Nxc7 Rb8 16. Qe2 $16 {Dolmatov,S-Yusupov,A (10)/Wijk cm/1-0/
49/}) 10. Bc2 (10. Nc2 Qg6 11. Re1 d6 12. Nd2 Nxb3 13. axb3 Bh3 $10 {Nijboer,
F-Van der Wiel,J/NLD-ch/1991/}) 10... Nc4 11. Bc1 d5 (11... d6 $145 {Gutman,L}
12. Kh1 Nc6 13. Nxc6 bxc6 $44 {Gutman,L:Gewinnen mit Schottisch. S.220.}) 12.
exd5 Bxd4 13. cxd4 Bf5 14. Nc3 (14. Bb3 Bxb1 $1 15. Rxb1 Nb6) 14... Bxc2 15.
Qxc2 Nb6 16. Qe4 Qd6 (16... Rfd8 $2 17. d6) 17. Bf4 Qd7 18. d6 cxd6 19. a4 (19.
Qf3 Ng6 20. Be3 $14) (19. b3 $5 Rac8 20. Rac1 $14) 19... Rfe8 (19... d5 $1 20.
Qf3 Nc4 21. b3 Na5 $10) 20. Qf3 $14 Nc6 21. Rfd1 (21. a5 Nc4 22. Qd5 Qe6 23. a6
$13) 21... Rad8 22. Qg3 Ne7 23. Bg5 Rc8 (23... f6 24. Bxf6 Nf5 25. Qg4 h5 26.
Qg5 Rc8 27. a5 $16) 24. Bxe7 Qxe7 (24... Rxe7 25. a5 Na8 26. Nd5 Re6 27. Rac1
$16) 25. Nb5 Rcd8 26. Rac1 Nxa4 27. Qb3 Nb6 28. Nxa7 Nd7 $6 (28... Nc8 29. Nb5
$14) 29. Qxb7 Rb8 30. Qc6 Rxb2 31. Nc8 Qe2 32. Nxd6 (32. Rf1 Nf6 33. Nxd6 $16)
32... Qxf2+ 33. Kh1 Ree2 (33... Re7 $2 34. Qc8+ Nf8 35. Qxf8+ $1 $18) 34. Rf1
$2 (34. Rg1 $1 Nf8 35. Rcf1 Qxd4 36. Rxf7 Rb8 37. Rgf1 $16 (37. Nf5 $4 Qxg1+ $1
$19) 37... Re6 $2 38. Rxf8+ $1 Rxf8 39. Rxf8+ Kxf8 40. Qc8+ Ke7 41. Nf5+ $18)
34... Qxg2+ (34... Rbc2 $3 35. Qa8+ Nf8 36. h3 Qxg2+ (36... Rxc1 $1 37. Rxc1
Qxd4 $17) 37. Qxg2 Rxg2 38. Rxc2 Rxc2 39. Nxf7 $10) 35. Qxg2 Rxg2 36. Rc8+ Nf8
37. Rxf7 Rxh2+ 38. Kg1 Rhg2+ 39. Kf1 h5 40. Rfxf8+ Kh7 41. Nc4 {(1h 59' : 2h
07')} 1-0

[Event "Tan Chin Nam Cup 7th"]
[Site "Shanghai"]
[Date "2001.07.14"]
[Round "6"]
[White "Ni, Hua"]
[Black "Krasenkow, Michal"]
[Result "1-0"]
[WhiteElo "2528"]
[BlackElo "2573"]
[Annotator "Postny,E"]
[PlyCount "87"]
[EventDate "2001.07.09"]
[EventType "tourn"]
[EventRounds "9"]
[EventCountry "CHN"]
[EventCategory "16"]
[SourceTitle "CBM 085"]
[Source "ChessBase"]
[SourceDate "2001.11.13"]
[SourceVersion "1"]
[SourceVersionDate "2001.11.13"]
[SourceQuality "1"]

1. e4 e5 2. Nf3 Nc6 3. d4 exd4 4. Nxd4 Bc5 5. Nxc6 Qf6 6. Qd2 dxc6 7. Nc3 Ne7 {
Other main alternative is: 7...Be6.} 8. Bd3 {A rare move in this position.The
main line is considered to be 8.Qf4.} Bd4 9. O-O Ng6 10. Kh1 {[%cal Gf2f4]} Ne5
11. f4 $6 $146 ({The most principal variation would be:} 11. Be2 Ng4 12. Nd1
O-O 13. Qf4 (13. h3 {see the game Morozevich-Tkachiev CBM 82 [Postny]}) 13...
Qg6 14. Bxg4 Qxg4 15. f3 Qxf4 16. Bxf4 f5 $11 {Rublevsky,S-Tkachiev,V/blitz
2000/}) 11... Ng4 (11... Nxd3 $6 12. Qxd3 $1 (12. cxd3 $6 O-O $15) 12... Bxc3 (
12... O-O $2 13. e5 Qd8 14. Rd1 c5 15. Be3 Bg4 16. Rd2 $16) 13. bxc3 O-O 14. f5
$36) 12. Qe1 (12. e5 $6 {would be risky for white:} Qh4 13. g3 Qh5 $15) 12...
Nxh2 $1 {This drawing combination is necessary, otherwise black's pieces will
have to step back and the strong pawncenter will promise white an advantage.} (
12... O-O $2 13. e5 Qh6 14. Qg3 $16 {[%csl Rh6]}) 13. Kxh2 Qh6+ 14. Kg3 Qg6+
15. Kh2 Qh5+ 16. Kg3 {The young chinese player was probably satisfied at the
moment.A honourable draw against GM Krasenkow looks inevitable...} g5 $4 {
With no grounds at all Krasenkow decided to play for a win and actually gave
to his opponent half a point as a present, or maybe he missed something?} (
16... Qg6+ $11) 17. f5 $18 {The rest of the game is a punishment for black's
wild previous move.} Be5+ (17... Qh4+ 18. Kf3 g4+ 19. Ke2 $18) 18. Kf2 Qh4+ 19.
Ke2 Bg3 20. Qd1 Qg4+ (20... Qh2 21. Rg1 $18) 21. Rf3 Bxf5 {Desperately
sacrificing second piece, but black has no compensation even for one piece!}
22. exf5 O-O-O 23. Be3 Rhe8 24. Qh1 Be5 (24... Bf4 25. Kf2 $18 (25. Nd1 $18))
25. a3 {If white can afford himself such indifferent moves in this
position-what can black hope for?!} (25. Nd1 {was the most logical move.})
25... Bd4 26. Kd2 Bxe3+ 27. Rxe3 Rxe3 28. Kxe3 c5 (28... Qf4+ 29. Ke2 Re8+ 30.
Kd1 {and the check are going to evaporate.}) 29. Rf1 Qd4+ 30. Kd2 c4 {Winning
a piece back, however white has one more extra piece.} 31. Qg1 Qg4 32. Qxa7
Qxg2+ 33. Rf2 Qc6 34. Qa8+ Kd7 35. Qa4 {The queen exchange killing last
black's hope.} Qxa4 36. Nxa4 cxd3 37. cxd3 Kd6 38. d4 h5 39. Nc5 Kd5 40. Kd3 g4
41. Ne4 Kc6 42. Rc2+ Kb6 43. Rh2 Rh8 44. Rh4 {This game was the only lost for
Krasenkow and the only win for Ni Hua in this tournament...} 1-0